| 000 | 00776nam a2200205 i 4500 | ||
|---|---|---|---|
| 001 | 104944 | ||
| 003 | ES-MaACL | ||
| 005 | 20230906183729.0 | ||
| 007 | t| | ||
| 008 | 060531s1958 xxk ||||1| eng d | ||
| 080 | _a811.134.2(076.1) | ||
| 100 | 1 |
_aRamsey, Marathon Montrose. _995382 |
|
| 245 | 1 | 2 |
_aA textbook of modern spanish _b: as now written and spoken in Castile and the spanish american republics / _cby Marathon Montrose Ramsey ; revised by Robert K. Spaulding. |
| 260 |
_aLondon : _bAdam & Charles Black, _c[1958] |
||
| 300 |
_aXIX, 692, XVII p. ; _c22 cm. |
||
| 500 | _aBiblioteca Jacinto Martínez Lacalle. | ||
| 650 | 1 | 4 |
_aLengua española- _vEjercicios prácticos. _914149 |
| 700 | 1 |
_aSpaulding, Robert K. _9107653 |
|
| 852 |
_aES-MaACL _jE-11281 _bR.138936 |
||
| 999 |
_c104944 _d104944 |
||